|
|
|
|
| LEADER |
00000nab a2200000 ar4500 |
| 001 |
vtls008961359 |
| 003 |
SK-MaSNL |
| 005 |
20260319071321.0 |
| 008 |
060703c20060623xo |||||||| 000 b|hun |
| 015 |
|
|
|a SNBRB2006/07
|2 snkbucl
|
| 038 |
|
|
|a SNKBUCL
|
| 040 |
|
|
|a DSZK
|b slo
|c DSZK
|e AACR2
|
| 041 |
0 |
|
|a hun
|
| 044 |
|
|
|a xo
|c SK
|
| 080 |
|
|
|a 7.079
|2 1997
|
| 100 |
1 |
|
|a Forgács, Miklós,
|d 1973-
|4 aut
|9 118484
|
| 245 |
1 |
0 |
|a Nyitogatom, hátha belelátok-
|b a másodszor megrendezett gútai Meteorit Nemzetközi Művészeti Fesztivál különböző művészeti ágak, művészeti stílusok és műfajok hihetetlen kavlakádja volt
|c Forgács Miklós
|
| 300 |
|
|
|b Fotogr.
|
| 611 |
2 |
7 |
|a Meteorit
|n (2. :
|d 2006 :
|c Kolárovo, Slovensko)
|2 snkbucl
|9 1057115
|
| 651 |
|
7 |
|a Kolárovo (Slovensko)
|2 snkbucl
|9 19149
|
| 773 |
0 |
|
|t Új szó
|g Évf. 59, sz. 144 (23.6.2006)
|
| 773 |
0 |
8 |
|i Príl.:
|t Gondolat
|g Évf. 6, sz. 11 (2006), o. 13
|
| 852 |
|
|
|a SNK
|b KIS3GCP
|
| 852 |
|
|
|a DSZK
|b KIS3GCP
|
| 958 |
|
|
|a HU
|
| 958 |
|
|
|a SK
|
| 999 |
|
|
|c 1756444
|d 1758374
|